Impuestos sobre los capitales y sobre el patrimonio neto (Registro nro. 6468)
[ vista simple ]
| 000 -LEADER | |
|---|---|
| fixed length control field | 01322 a2200217 4500 |
| 001 - CONTROL NUMBER | |
| control field | 58599 |
| 005 - DATE AND TIME OF LATEST TRANSACTION | |
| control field | 20260407155842.0 |
| 008 - FIXED-LENGTH DATA ELEMENTS--GENERAL INFORMATION | |
| fixed length control field | 260407a1988 arg spa d |
| 003 - CONTROL NUMBER IDENTIFIER | |
| control field | AR-UNSa-BCEJYS |
| 040 ## - CATALOGING SOURCE | |
| Original cataloging agency | AR-UNSa-BCEJYS |
| Language of cataloging | spa |
| Transcribing agency | AR-UNSa-BCEJYS |
| 080 ## - UNIVERSAL DECIMAL CLASSIFICATION NUMBER | |
| Universal Decimal Classification number | 336.22 |
| Common auxiliary subdivision | Impuestos |
| 020 ## - INTERNATIONAL STANDARD BOOK NUMBER | |
| International Standard Book Number | 950-9524-33-6 |
| 100 1# - MAIN ENTRY--PERSONAL NAME | |
| Personal name | Litvak, José D. |
| 245 10 - TITLE STATEMENT | |
| Title | Impuestos sobre los capitales y sobre el patrimonio neto |
| 264 #1 - PRODUCTION, PUBLICATION, DISTRIBUTION, MANUFACTURE, AND COPYRIGHT NOTICE | |
| Place of production, publication, distribution, manufacture | Buenos Aires : |
| Name of producer, publisher, distributor, manufacturer | Errepar |
| Date of production, publication, distribution, manufacture, or copyright notice | 1988 |
| 300 ## - PHYSICAL DESCRIPTION | |
| Extent | 393 p. |
| Dimensions | 22 cm. |
| 505 ## - FORMATTED CONTENTS NOTE | |
| Formatted contents note | PRIMERA PARTE: Aspectos teóricos de la imposición al patrimonio / SEGUNDA PARTE: El impuesto sobre los capitales en la Argentina - 1. Antecedenctes de su creación. Características principales. Tratamiento de los casos no previstos en sus normas - 2. Objeto - 3. Sujetos - 4. Exenciones - 5. Base imponible. Valuación del activo - 6. Pasivo - 7. Liquidación, declaración e ingresos del gravamen / TERCERA PARTE: El impuesto sobre el patrimonio neto en la Argentina - 8. Antecedentes de su creación en la Argentina, características y efectos económicos - 9. Hecho imponible. Sujetos - 10. Exenciones. Bienes situados en el pais. Liquidación del gravamen - Valuación de los bienes. Bienes computables y no computables |
| 590 ## - LOCAL NOTE (RLIN) | |
| Local note | niveau_biblio:m niveau_hierar:0 |
| 700 1# - ADDED ENTRY--PERSONAL NAME | |
| Personal name | Gebhardt, Jorge |
| 942 ## - ADDED ENTRY ELEMENTS (KOHA) | |
| Koha item type | |
| Withdrawn status | Lost status | Damaged status | Not for loan | Home library | Current library | Shelving location | Date acquired | Total checkouts | Full call number | Barcode | Date last seen | Price effective from | Koha item type |
|---|---|---|---|---|---|---|---|---|---|---|---|---|---|
| Biblioteca Prof. Eusebio Cleto del Rey | Biblioteca Prof. Eusebio Cleto del Rey | 07/04/2026 | 336.22 L775 | L53290 | 07/04/2026 | 07/04/2026 | Libro |